| 000 | 01469cam a22004454i 4500 | ||
|---|---|---|---|
| 003 | PE-LiUPU | ||
| 005 | 20250731172804.0 | ||
| 008 | 150617s r 000 0 d | ||
| 035 | _a(Sirsi) a13311 | ||
| 040 |
_aPE-LiUPU _bspa _cPE-LiUPU _erda |
||
| 049 | _aPRUA | ||
| 082 | 0 | 4 |
_a209.244 _bR84 _221 |
| 100 | 1 |
_aRosier, I., _eautor. |
|
| 245 | 1 | 0 |
_aEn busca de la ausencia de Dios : _bsondeos psicológicos de la situación socialreligiosa en europa occidental / _cI. Rosier. |
| 264 | 1 |
_aBuenos Aires : _bCarlos Lohlé, _c1962. |
|
| 300 |
_a327 páginas ; _c19 cm |
||
| 336 |
_atext _2rdacontent |
||
| 337 |
_aunmediated _2rdamedia |
||
| 338 |
_avolume _2rdacarrier |
||
| 505 | 0 | _aFrancia -- Filodange -- Saint Gremain -- Plouvi -- Plaignac. | |
| 526 | _aSEG42 | ||
| 526 | _aSEG41 | ||
| 526 | _aSEG40 | ||
| 526 | _aSEG39 | ||
| 526 | _aP94 | ||
| 526 | _aP87 | ||
| 526 | _aP86 | ||
| 526 | _aP85 | ||
| 526 | _aP77 | ||
| 526 | _aP76 | ||
| 526 | _aP35 | ||
| 651 |
_aEuropa _xReligión. |
||
| 910 |
_ajck _bjvq _cjck _d20150616 |
||
| 942 |
_2ddc _cBOOK |
||
| 949 |
_a209.244 R84 _wDEWEY _c1 _i31235 _lCCODEBUL1 _mBUL _p00.00 _r0 _sY _tBOOK _u24090 _xTEOLOGIA _PP35 _0COMPRA _o.STAFF. Colección General |
||
| 994 |
_aC0 _bPEPRU |
||
| 596 | _a1 | ||
| 999 |
_a209.244 R84 _wDEWEY _c3667 _i31235 _f2021-11-11 _g5 _lCCODEBUL1 _mBUL _r0 _sY _tBOOK _u2015-6-17 _xTEOLOGIA _PP35 _0COMPRA _o.STAFF. Colección General _d3667 |
||
| 980 |
_81 _gALBERTO SANCHEZ Responsable de Automatización |
||